000 00783nam a2200241Ia 4500
003 OSt
005 20220923220636.0
006 a|||||r|||| 00| 0
007 ta
008 220922b |||||||| |||| 00| 0 hin d
024 _a188,252
037 _cTextual
040 _aARTS
_cARTS
_bhin
041 _2hin
_ahin
082 _aV5.L89<-I53, 152N8.1-.2-;2
100 _aवर्मा, लालबहादुर
245 0 _aयूरोप का इतिहास
246 _aYūrop kā itihāsa
260 _aनई दिल्ली
_b प्रकाशन संस्थान
_c1998
300 _a2 [k.M
_ccm.
942 _hV5.L89<-I53, 152N8.1-.2-;2
_cTEXL
_2CC
999 _c341328
_d341328